|
|
|
|
| LEADER |
00000nam0a2200000 4500 |
| 001 |
269210 |
| 005 |
20231101234232.0 |
| 035 |
|
|
|a (RuTPU)RU\TPU\book\292383
|
| 035 |
|
|
|a RU\TPU\book\287708
|
| 090 |
|
|
|a 269210
|
| 100 |
|
|
|a 20140915d1987 km y0rusy50 ca
|
| 101 |
0 |
|
|a rus
|
| 102 |
|
|
|a RU
|
| 105 |
|
|
|a y z 001zy
|
| 200 |
1 |
|
|a История социалистических учений 1987
|e сборник статей
|f Академия наук СССР (АН СССР), Институт всеобщей истории (ИВИ) ; под ред. Л. С. Чиколини
|
| 210 |
|
|
|a Москва
|c Наука
|d 1987
|
| 215 |
|
|
|a 285 с.
|
| 320 |
|
|
|a Библиография в примечаниях.
|
| 606 |
1 |
|
|a Социалистические учения
|x Политика
|x История
|2 stltpush
|3 (RuTPU)RU\TPU\subj\55634
|9 73642
|
| 610 |
1 |
|
|a политические учения
|
| 610 |
1 |
|
|a социализм
|
| 610 |
1 |
|
|a история
|
| 610 |
1 |
|
|a предистория
|
| 610 |
1 |
|
|a утопический социализм
|
| 610 |
1 |
|
|a утопия
|
| 610 |
1 |
|
|a 16 век
|
| 610 |
1 |
|
|a 17 век
|
| 610 |
1 |
|
|a 18 век
|
| 610 |
1 |
|
|a 19 век
|
| 610 |
1 |
|
|a критика
|
| 610 |
1 |
|
|a буржуазная историография
|
| 686 |
|
|
|a Ф02(0)
|2 rubbk
|
| 702 |
|
1 |
|a Чиколини
|b Л. С.
|4 340
|
| 712 |
0 |
2 |
|a Академия наук СССР (АН СССР)
|b Институт всеобщей истории (ИВИ)
|c (1968-1991)
|c (Москва)
|2 stltpush
|3 (RuTPU)RU\TPU\col\11350
|
| 801 |
|
1 |
|a RU
|b 63413507
|c 20140621
|
| 801 |
|
2 |
|a RU
|b 63413507
|c 20151214
|g RCR
|
| 942 |
|
|
|c BK
|